Statistics for Rhymes With Feet

Click here to take the quiz!

General Stats

  • This quiz has been taken 616 times
    (510 since last reset)
  • The average score is 21 of 27

Answer Stats

HintAnswer% Correct
BBeat
97%
BBeet
94%
MMeat
93%
NNeat
93%
SSeat
92%
HHeat
91%
MMeet
91%
WWheat
86%
EEat
85%
PPeat
83%
SSleet
81%
FFleet
79%
GGreet
79%
TTreat
79%
SSheet
77%
CCheat
76%
FFeat
76%
CCleat
75%
TTeat
75%
PPleat
71%
BBleat
70%
SSweet
69%
TTweet
59%
SStreet
58%
SSkeet
55%
CCrete
45%
SSuite
24%

Score Distribution

Percentile by Number Answered

Percent of People with Each Score

Your Score History

You have not taken this quiz since the last reset